Biografía de Thomas Edison /

Líderes del siglo XX es una colección que presenta una semblanza de personajes relevantes que han influido en el ámbito político, económico, militar, tecnológico o científico, según el contexto en que se han desarrollado. El volumen de cada video se ha asignado según el orden de su clasificación.

Збережено в:
Бібліографічні деталі
Автор: Haley, Jack, hijo (realización)
Інші автори: Ramrus, Al (guión) (guión), Haley, Jack, hijo (guión) (guión), Lizalde, Enrique (conducción) (conducción)
Формат: Слайд
Мова:Іспанська
Опубліковано: EUA : International Creative Exchange, 1962, c1962
México : Promolíder [distribución], fecha no identificada
Серія:(Líderes del Siglo XX ; 9)
Предмети:
Теги: Додати тег
Немає тегів, Будьте першим, хто поставить тег для цього запису!

MARC

LEADER 00000ngm^a2200000^a^4500
001 000373083
005 20250521000000.0
009 20260310120028.642
025 |a Donación sin dato, 1 ejemplar 
037 |a Acervo Xavier Clavigero 
041 |a ESP 
082 |a 920. 02  |b HAL V. 9 
100 |a Haley, Jack,  |c hijo  |e (realización) 
245 1 0 |a Biografía de Thomas Edison /  |c Realización de J. Haley, hijo. 
264 4 |a EUA :  |b International Creative Exchange,  |c 1962, c1962 
264 4 |a México :  |b Promolíder [distribución],  |c fecha no identificada 
300 |a 1 videocasete VHS  |c (30 min.) 
336 |a imagen móvil bidimensional  |b tdi  |2 rdacontenido 
337 |a video  |b v  |2 rdamedio 
338 |a videocasete  |b vf  |2 rdasoporte 
440 1 |a (Líderes del Siglo XX ;  |v 9) 
520 |a Líderes del siglo XX es una colección que presenta una semblanza de personajes relevantes que han influido en el ámbito político, económico, militar, tecnológico o científico, según el contexto en que se han desarrollado. El volumen de cada video se ha asignado según el orden de su clasificación. 
520 |a Documental que presenta una semblanza biográfica de Thomas Alva Edison (1847-1931), el gran inventor norteamericano, íntimamente ligado a la historia del fonógrafo, el telégrafo, el teléfono, la lámpara incandescente, entre otros. 
546 |a Doblaje al español 
649 |a XX 
650 |a Inventores Norteamericanos -  |x Biografías 
650 |a Inventos -  |z EUA -  |x Historia -  |y Siglo XIX 
650 |a Inventos -  |z EUA -  |x Historia -  |y Siglo XX 
650 |a Desarrollo Tecnológico -  |z EUA -  |x Historia 
650 |a Tecnología -  |z EUA -  |x Historia 
650 |a Ciencia -  |z EUA -  |x Historia 
650 |a Edison, Thomas Alva -  |x Tema Principal 
650 |a Edison, Thomas Alva -  |x Tema Principal 
700 |a Ramrus, Al  |e (guión) 
700 |a Haley, Jack,  |c hijo  |e (guión) 
700 |a Lizalde, Enrique  |e (conducción) 
910 |a Fondo General 
920 |a Audiovisuales - Videocasetes 
905 |a 301 
901 |a 0500267679  |b IT2  |c VIS  |i FXC D  |u 20250521 
902 |a https://opac.biblio.iteso.mx/vufind/Record/000373083